Cuantificación de los proyectos de ley presentados en la corriente legislativa: mayo 2003 - abril 2004 /

Guardat en:
Dades bibliogràfiques
Autor principal: Fernández Sánchez, Yanori
Format: Text
Matèries:
Etiquetes: Afegir etiqueta
Sense etiquetes, Sigues el primer a etiquetar aquest registre!

MARC

LEADER 00000 a a2200000 04500
001 16834
003
040
100 |a Fernández Sánchez, Yanori  
245 |a Cuantificación de los proyectos de ley presentados en la corriente legislativa:   |b mayo 2003 - abril 2004 /  |c Yanori Fernández Sánchez 
650 |a PODER LEGISLATIVO  
650 |a EVALUACION DE PROYECTOS  
650 |a PODER LEGISLATIVO  
650 |a EVALUACION DE PROYECTOS  
773 |g volumen 12, número 2; páginas 313-333  
999 |c 28684  |d 28684